04551 2201921 4500001002100000005001500021008004100036020002200077035002000099082000800119084001400127100002100141245005800162250000600220260003200226300001200258520061700270650001400887990001200901990001200913990001200925990001200937990001200949990001200961990001200973990001200985990001200997990001201009990001201021990001201033990001201045990001201057990001201069990001201081990001201093990001201105990001201117990001201129990001201141990001201153990001201165990001201177990001201189990001201201990001201213990001201225990001201237990001201249990001201261990001201273990001201285990001201297990001201309990001201321990001201333990001201345990001201357990001201369990001201381990001201393990001201405990001201417990001201429990001201441990001201453990001201465990001201477990001201489990001201501990001201513990001201525990001201537990001201549990001201561990001201573990001201585990001201597990001201609990001201621990001201633990001201645990001201657990001201669990001201681990001201693990001201705990001201717990001201729990001201741990001201753990001201765990001201777990001201789990001201801990001201813990001201825990001201837990001201849990001201861990001201873990001201885990001201897990001201909990001201921990001201933990001201945990001201957990001201969990001201981990001201993990001202005990001202017990001202029990001202041990001202053990001202065990001202077990001202089990001202101990001202113990001202125990001202137990001202149990001202161990001202173990001202185990001202197990001202209990001202221990001202233990001202245990001202257990001202269990001202281990001202293990001202305990001202317990001202329990001202341990001202353990001202365990001202377990001202389990001202401990001202413990001202425990001202437990001202449990001202461990001202473990001202485990001202497990001202509990001202521990001202533990001202545990001202557990001202569990001202581990001202593990001202605990001202617INLIS00000000000126120240712102644240712 0 ind  a978-602-244-769-6 a0010-0524000496 a510 a510 AZH m aMasta, Al Azhary1 aMatematika Tingkat Lanjut Kelas XI /cAl Azhary Masta a1 aJakarta :bKEMDIKBUD,c2021 a336 hlm aBelajar Matematika itu tidak cukup hanya berhitung dan menghafal. Belajar Matematika membutuhkan sikap aktif membangun sendiri pengetahuan dan pemahaman, memecahkan masalah, dan bernalar secara kritis dan kreatif. Fitur-fitur dalam buku ini memberikan kesempatan untuk menyelami dan mengeksplorasi Matematika. Tidak hanya itu, Matematika yang disajikan dalam buku ini merupakan Matematika kekinian yang mendukung pemerolehan kemampuan-kemampuan untuk hidup di era sekarang dan mendatang. Materi dalam buku ini mendorong berkembangnya kemampuan berpikir kritis, berpikir kreatif, berkolaborasi, dan berkomunikasi. 4aNon Fiksi a0750001 a0750002 a0750003 a0750004 a0750005 a0750006 a0750007 a0750008 a0750009 a0750010 a0750011 a0750012 a0750013 a0750014 a0750015 a0750016 a0750017 a0750018 a0750019 a0750020 a0750021 a0750022 a0750023 a0750024 a0750025 a0750026 a0750027 a0750028 a0750029 a0750030 a0750031 a0750032 a0750033 a0750034 a0750035 a0750036 a0750037 a0750038 a0750039 a0750040 a0750041 a0750042 a0750043 a0750044 a0750045 a0750046 a0750047 a0750048 a0750049 a0750050 a0750051 a0750052 a0750053 a0750054 a0750055 a0750056 a0750057 a0750058 a0750059 a0750060 a0750061 a0750062 a0750063 a0750064 a0750065 a0750066 a0750067 a0750068 a0750069 a0750070 a0750071 a0750072 a0750073 a0750074 a0750075 a0750076 a0750077 a0750078 a0750079 a0750080 a0750081 a0750082 a0750083 a0750084 a0750085 a0750086 a0750087 a0750088 a0750089 a0750090 a0750091 a0750092 a0750093 a0750094 a0750095 a0750096 a0750097 a0750098 a0750099 a0750100 a0750101 a0750102 a0750103 a0750104 a0750105 a0750106 a0750107 a0750108 a0750109 a0750110 a0750111 a0750112 a0750113 a0750114 a0750115 a0750116 a0750117 a0750118 a0750119 a0750120 a0750121 a0750122 a0750123 a0750124 a0750125 a0750126 a0750127 a0750128 a0750129 a0750130 a0750131 a0750132 a0750133 a0750134 a0750135 a0750136 a0750137 a0750138 a0750139 a0750140 a0750141 a0750142 a0750143 a0750144